[Event "25th An FMA"]
[Site "Madrid ESP"]
[Date "2005.11.05"]
[Round "11"]
[White "Minzer,C"]
[Black "Gallardo Garcia,A"]
[Result "1/2-1/2"]
[WhiteElo "2438"]
[BlackElo "2360"]

1.Nf3 d5 2.c4 e6 3.d4 c5 4.cxd5 exd5 5.Bg5 Be7 6.Bxe7 Nxe7 7.Nc3 Nbc6 8.e3 cxd4
9.Nxd4 O-O 10.Bb5 Qb6 11.O-O Nxd4 12.Qxd4 Qxd4 13.exd4 Be6 14.Rac1 Nf5 15.Ne2 Nd6
16.Bd3 Bf5 17.Bxf5 Nxf5 18.Rc7 Rfe8 19.Nf4 Rab8 20.Nxd5 Nxd4 21.Rd1 Ne6 22.Rc2 Red8
23.Rcd2 Kf8 24.Kf1 Rd6 25.Nc7 Rxd2 26.Nxe6+ Ke7 27.Rxd2 Kxe6 28.Rc2 Kd6 29.Ke2 Re8+
30.Kd3 Re1 31.h4 h5 32.g3 g6 33.Kd2 Re5 34.Rc8 Rf5 35.Ke3 Ra5 36.a3 Rb5 37.Rc2  1/2-1/2

[Event "9th Bavarian Open"]
[Site "Bad Wiessee GER"]
[Date "2005.11.06"]
[Round "9"]
[White "Rotstein,A"]
[Black "Zaragatski,I"]
[Result "1-0"]
[WhiteElo "2528"]
[BlackElo "2376"]

1.Nf3 d5 2.c4 dxc4 3.e3 Nc6 4.Bxc4 e5 5.Qc2 Bd6 6.a3 Nf6 7.Nc3 O-O 8.b4 Qe7
9.Ng5 g6 10.Bb2 Bf5 11.d3 Rad8 12.O-O a5 13.b5 Nb8 14.Nge4 Nbd7 15.Nd5 Nxd5
16.Bxd5 b6 17.a4 Nc5 18.Rac1 Nxe4 19.dxe4 Be6 20.Qb3 Bxd5 21.exd5 f6 22.e4 f5
23.exf5 Rxf5 24.f3 Rdf8 25.Rfe1 Qf7 26.Re4 h5 27.Rce1 Re8 28.h3 Kh7 29.Kh1 Rf4
30.Rxf4 Qxf4 31.Re4 Qf5 32.Qc4 Qf7 33.Re2 Re7 34.Qe4 Qf5 35.Bc3 Qf7 36.g4 Qf4
37.Qxf4 exf4 38.Re6 hxg4 39.hxg4 Rf7 40.Bf6 Kh6 41.g5+ Kh7 42.Kg2 Kg8 43.Re8+ Bf8
44.Rd8 Kh7 45.Kh3 Bg7 46.Bxg7 Kxg7 47.Kg4 Rf5 48.Rd7+ Kf8 49.d6 cxd6 50.Rxd6 Rc5
51.Rxg6 Rc4 52.Rf6+  1-0

[Event "9th Bavarian Open"]
[Site "Bad Wiessee GER"]
[Date "2005.11.06"]
[Round "9"]
[White "Khenkin,I"]
[Black "Meins,G"]
[Result "1-0"]
[WhiteElo "2603"]
[BlackElo "2441"]

1.Nf3 d5 2.c4 c6 3.d4 Nf6 4.Nc3 a6 5.a4 Bf5 6.Qb3 Ra7 7.c5 Nbd7 8.Bf4 a5
9.e3 e6 10.Nh4 Bg6 11.Nxg6 hxg6 12.h3 Be7 13.Bd3 O-O 14.O-O b6 15.cxb6 Rb7
16.Rfc1 Rxb6 17.Qc2 Nb8 18.Na2 Na6 19.Qe2 Nb4 20.Nxb4 Bxb4 21.Rc2 Qd7 22.Rac1 Qb7
23.h4 Re8 24.Qf3 Be7 25.Bg5 Rb3 26.Qe2 Rb6 27.Qf3 Rb3 28.Qe2 Rb6 29.g3 Bd6
30.Bxf6 gxf6 31.e4 Qb8 32.exd5 cxd5 33.Bb5 Rd8 34.h5 gxh5 35.Qxh5 Kf8 36.Rc8 Rxb5
37.Qh8+  1-0

[Event "zt 2.5"]
[Site "Las Condes CHI"]
[Date "2005.11.08"]
[Round "3"]
[White "Flores,Di"]
[Black "Rojas,L"]
[Result "1-0"]
[WhiteElo "2479"]
[BlackElo "2435"]

1.Nf3 d5 2.c4 c6 3.e3 Nf6 4.Nc3 e6 5.b3 Nbd7 6.Bb2 Bd6 7.Rc1 Qe7 8.g3 O-O
9.Bg2 e5 10.O-O e4 11.Ne1 dxc4 12.bxc4 Nb6 13.Qb3 Bg4 14.f3 exf3 15.Nxf3 Rad8
16.Nd4 c5 17.Nf5 Bxf5 18.Rxf5 Qe6 19.Rcf1 Qxc4 20.Qd1 Be7 21.Rxf6 Bxf6 22.Rxf6 gxf6
23.Ne4 Qe6 24.Nxf6+ Kg7 25.Qh5 h6 26.Bh3 Qc6 27.Qg4+  1-0

[Event "zt 2.5"]
[Site "Las Condes CHI"]
[Date "2005.11.09"]
[Round "5"]
[White "Labollita,M"]
[Black "Arancibia,E"]
[Result "1-0"]
[WhiteElo "2408"]
[BlackElo "2414"]

1.Nf3 d5 2.c4 c6 3.b3 Nf6 4.Bb2 Bg4 5.e3 e6 6.Be2 Nbd7 7.O-O Bd6 8.Nc3 a6
9.Ne1 Bxe2 10.Nxe2 O-O 11.f4 Qe7 12.Ng3 Ba3 13.Bc3 Bb4 14.Bd4 Bc5 15.Bc3 Bb4
16.Bb2 Ba3 17.Bd4 Bc5 18.Bxf6 Nxf6 19.d4 Bd6 20.c5 Bc7 21.b4 a5 22.a3 Ra7
23.Qa4 Qd7 24.Rb1 b5 25.cxb6 Bxb6 26.Qc2 axb4 27.axb4 Ng4 28.Qc3 Rfa8 29.h3 Ra3
30.Rb3 Rxb3 31.Qxb3 Nh6 32.Nd3 f6 33.Rb1 Rb8 34.Ra1 Nf7 35.Ra6 Nd6 36.Qa4 Nc4
37.Ra8 Rxa8 38.Qxa8+ Kf7 39.Kf2 Nd6 40.Qh8 Qa7 41.Nh5 Qa2+ 42.Kf3 Ne8 43.Qxh7 Qd2
44.Nf2 Qxb4 45.Ng4 Qf8 46.f5 Bc7 47.Qg6+ Ke7 48.fxe6 Kxe6 49.Qxe8+  1-0

[Event "TCh-FIN 2005-6"]
[Site "Helsinki FIN"]
[Date "2005.11.12"]
[Round "5"]
[White "Jouhki,Y"]
[Black "Paasikangas,J"]
[Result "0-1"]
[WhiteElo "2298"]
[BlackElo "2307"]

1.Nf3 d5 2.c4 e6 3.g3 Nf6 4.Bg2 Bd6 5.O-O O-O 6.d4 b6 7.b3 Bb7 8.Bb2 Nbd7
9.Ne5 Re8 10.f4 Ne4 11.e3 f6 12.Nf3 Qe7 13.Nbd2 c5 14.Nxe4 dxe4 15.Nd2 f5
16.Qe2 Rad8 17.Kh1 Nb8 18.g4 cxd4 19.exd4 Qh4 20.gxf5 exf5 21.Qe3 Nc6 22.Bh3 Nb4
23.d5 Nd3 24.Bc3 Nxf4 25.Qg1 Re7 26.Rxf4 Qxh3 27.Bf6 Bxf4 28.Bxe7 Rd7 29.Bb4 e3
30.Rf1 exd2 31.Rxf4 Rxd5  0-1

[Event "TCh-FIN 2005-6"]
[Site "Jyvaskyla FIN"]
[Date "2005.11.12"]
[Round "5"]
[White "Kytoniemi,J"]
[Black "Nivala,T"]
[Result "1/2-1/2"]
[WhiteElo "2280"]
[BlackElo "2193"]

1.Nf3 d5 2.c4 c6 3.b3 Bf5 4.Bb2 e6 5.g3 h6 6.Bg2 Nf6 7.O-O Be7 8.d3 O-O 9.Nbd2 a5
10.a3 Na6 11.Qc2 Nd7 12.Rfd1 Bf6 13.Rac1 Bxb2 14.Qxb2 Qf6 15.Qxf6 Nxf6 16.d4 Ne4
17.Nxe4 Bxe4 18.Ne5 Bxg2 19.Kxg2 Rfd8 20.e3 f6 21.Nd3 Kf7 22.f4 h5 23.h3 g6
24.c5 Nb8 25.Kf3 Nd7 26.g4 Rh8 27.g5 e5 28.fxe5 fxe5 29.dxe5 Rae8 30.e4 Nxe5+
31.Nxe5+ Rxe5 32.exd5 cxd5 33.c6 bxc6 34.Rxc6 Rb8 35.Rd3 Rf5+ 36.Ke3 Rxg5
37.Kd4 Rg1 38.Kxd5 Rd8+ 39.Rd6 Rxd6+ 40.Kxd6 h4 41.Ke5 g5 42.Kf5 Rg3 43.Rd7+ Ke8
44.Ra7 Rxh3 45.Kxg5 Rxb3 46.Rxa5 h3 47.Kg4 h2  1/2-1/2

[Event "WJun"]
[Site "Instanbul TUR"]
[Date "2005.11.13"]
[Round "5"]
[White "Tomashevsky,E"]
[Black "Romanov,E"]
[Result "0-1"]
[WhiteElo "2564"]
[BlackElo "2479"]

1.Nf3 d5 2.c4 d4 3.g3 Nc6 4.Bg2 e5 5.d3 Nf6 6.O-O Nd7 7.e3 Be7 8.Na3 a5 9.Nc2 Nc5
10.Nxe5 Nxe5 11.exd4 Bg4 12.Qd2 Nexd3 13.dxc5 c6 14.Ne3 Be6 15.Rd1 Nxc1 16.Qxc1 Qc8
17.Nd5 cxd5 18.cxd5 Bg4 19.Re1 Kf8 20.d6 Bf6 21.Qc4 g6 22.Qb5 Rb8 23.Qxa5 Kg7
24.Qb6 Bd4 25.Rac1 Qf5 26.Kh1 Bf3 27.Rf1 h5 28.Qb4 Be5 29.Bxf3 Qxf3+ 30.Kg1 h4
31.Rce1 Bf6 32.Re3 Qd5 33.g4 h3  0-1

[Event "WJun"]
[Site "Instanbul TUR"]
[Date "2005.11.17"]
[Round "8"]
[White "Sulashvili,M"]
[Black "Jessel,S"]
[Result "0-1"]
[WhiteElo "2386"]
[BlackElo "2304"]

1.Nf3 d5 2.c4 c6 3.e3 Nf6 4.d4 e6 5.Nbd2 Be7 6.Bd3 O-O 7.O-O c5 8.b3 Nc6
9.Bb2 b6 10.Rc1 Ba6 11.Qe2 Rc8 12.Rfd1 cxd4 13.exd4 Qd6 14.Ne5 dxc4 15.Ndxc4 Qb8
16.a3 Rfd8 17.Qf3 Bb7 18.Qg3 Kf8 19.Qf4 b5 20.Ne3 Nxe5 21.dxe5 Rxc1 22.Bxc1 Nh5
23.Qg4 Qxe5 24.Rd2 Nf6 25.Qe2 Qc3 26.Qd1 Qa5 27.b4 Qb6 28.Bb2 Ne4 29.Bxe4 Rxd2
30.Qxd2 Bxe4 31.Qd7 Qb7 32.Qd2 f6 33.f3 Bg6 34.Nc2 Bxc2 35.Qxc2 Kg8 36.Bd4 a6
37.Be3 Qd7 38.g3 f5 39.Bc5 Bf6 40.Kg2 Kf7 41.Bf2 Qb7 42.Qc5 g5 43.h3 h5 44.Kg1 Qxf3
45.Qa7+ Kg6 46.Qxa6 Qd1+ 47.Kh2 Qe2 48.Kg1 Qd1+ 49.Kg2 Qe2 50.Kg1 f4 51.gxf4 gxf4
52.Qc6 Kf5 53.Qc5+ Be5 54.Qf8+ Ke4 55.Qa8+ Kd3 56.Qd8+ Kc2 57.Qc8+ Kb2 58.Qxe6 f3
59.Qd5 Kxa3 60.h4 Ka4 61.Qa8+ Kxb4 62.Qd5 Ka4 63.Qd7 Kb3 64.Qd5+ Kb2 65.Bd4+ Bxd4+
66.Qxd4+ Kc2 67.Qc5+ Kb3 68.Qd5+ Ka3 69.Qc5+ b4 70.Qa5+ Kb3 71.Qd5+ Kb2 72.Qd4+ Ka2
73.Qa7+ Kb1 74.Qh7+ Qc2 75.Qg7 Qg2+  0-1

[Event "WJun Girls"]
[Site "Instanbul TUR"]
[Date "2005.11.17"]
[Round "8"]
[White "Karavade,E"]
[Black "Pourkashiyan,A"]
[Result "1-0"]
[WhiteElo "2348"]
[BlackElo "2271"]

1.Nf3 d5 2.c4 e6 3.g3 Nf6 4.Bg2 Be7 5.O-O O-O 6.d4 dxc4 7.Qc2 a6 8.Qxc4 b5
9.Qc2 Bb7 10.Bd2 Nc6 11.e3 Nb4 12.Bxb4 Bxb4 13.a3 Bd6 14.Nbd2 Qe7 15.b4 a5
16.e4 e5 17.dxe5 Bxe5 18.Nxe5 Qxe5 19.Rac1 Rfc8 20.Bh3 Re8 21.Qxc7 Nxe4 22.Qxe5 Rxe5
23.Bg2 axb4 24.Nxe4 Bxe4 25.Rfe1 f5 26.f3 bxa3 27.fxe4 a2 28.Bf1 fxe4 29.Ra1 e3
30.Re2 b4 31.Rexa2 Rb8 32.Ra8 Rxa8 33.Rxa8+ Kf7 34.Be2 Rc5 35.Kg2 Rf5 36.Bf3 Rb5
37.Ra2 Kf6 38.Be2 Rf5 39.Ra6+ Ke7 40.Bf3 Rb5 41.Kf1 b3 42.Ra1 b2 43.Rb1 h5
44.Be2 Rb8 45.Bxh5 Rh8 46.g4 g6 47.Bxg6 Rxh2 48.Be4 Kf6 49.Bg2 Kg5 50.Kg1 Rh8
51.Bf3 Rb8 52.Kf1 Kf4 53.Kg2 Rb3 54.Be2 Rb8 55.g5 Kxg5 56.Kf3 Rb3 57.Ke4 Kf6
58.Bd3 Rb4+ 59.Kxe3 Ke5 60.Bc2 Rb8 61.Kd3 Kd5 62.Rh1 Ke5 63.Kc3 Kf4 64.Bb3 Ke5
65.Re1+ Kf4 66.Kxb2 Rc8 67.Bc2 Rc7 68.Kc1 Rd7 69.Re4+ Kg5 70.Kb2 Rc7 71.Bd3 Kf6
72.Bc4 Kf5 73.Rd4 Rg7 74.Kc3 Ke5 75.Rd8 Rg3+ 76.Kb4 Rg7 77.Bb5 Rc7 78.Ka5 Rc1
79.Kb6 Rc3 80.Bc6 Rg3 81.Bd5 Rc3 82.Kb5 Rc1 83.Bc4 Kf6 84.Re8 Kf5 85.Kc5 Kf4
86.Kd4 Kf5 87.Rf8+ Kg5 88.Bd5 Re1 89.Be4 Ra1 90.Ke5 Ra5+ 91.Bd5 Ra6 92.Rf5+ Kg4
93.Rf2 Kh5 94.Rg2 Kh6 95.Be6 Kh5 96.Bf5 Ra5+ 97.Kf4 Ra4+ 98.Be4 Kh6 99.Rg6+ Kh5
100.Rb6 Rc4 101.Rb7  1-0

[Event "TCh-AUT 2005-6"]
[Site "Austria AUT"]
[Date "2005.11.18"]
[Round "1"]
[White "Horvath,Jo1"]
[Black "Lendwai,R"]
[Result "1/2-1/2"]
[WhiteElo "2522"]
[BlackElo "2435"]

1.Nf3 d5 2.c4 c6 3.e3 Nf6 4.Qc2 Bg4 5.Ne5 e6 6.Nxg4 Nxg4 7.Be2 Nf6 8.d4 Nbd7
9.Nc3 Be7 10.b3 O-O 11.Bb2 Rc8 12.O-O Re8 13.Rad1 Bf8 14.Qb1 Qa5 15.h3 a6
16.Qa1 Ba3 17.Rc1 b5 18.Bxa3 Qxa3 19.Rc2 dxc4 20.bxc4 b4 21.Nb1 Qa4 22.Bd1 c5
23.a3 bxa3 24.Nxa3 Rb8 25.Ra2 Qb4 26.Be2 Ne4 27.Rc1 Ndf6 28.Nc2 Qc3 29.Bf1 Qxa1
30.Rcxa1 h6 31.Rxa6 Rec8 32.Bd3 g5 33.Ne1 Rb2 34.R6a2 Rcb8 35.Bxe4 Nxe4 36.Nd3 Rxa2
37.Rxa2 cxd4 38.exd4 Rd8 39.d5 exd5 40.c5 Rc8 41.f3 Ng3 42.Ra7 Ne2+ 43.Kf2 Nf4
44.Nxf4 gxf4 45.Ra5 Kg7 46.g3 fxg3+ 47.Kxg3 d4 48.Kf4 Rd8 49.Ke4 d3 50.Ra1 d2
51.Rd1 Kf6 52.c6 Rd6 53.c7 Rc6 54.Rxd2  1/2-1/2

[Event "WJun Girls"]
[Site "Instanbul TUR"]
[Date "2005.11.18"]
[Round "9"]
[White "Ciobanu,C"]
[Black "Dudas,E"]
[Result "1-0"]
[WhiteElo "2262"]
[BlackElo "2010"]

1.Nf3 d5 2.c4 e6 3.g3 c5 4.Bg2 Nc6 5.O-O Nf6 6.Na3 Be7 7.cxd5 exd5 8.d4 c4
9.Ne5 O-O 10.b3 cxb3 11.Nxc6 bxc6 12.Qxb3 Ba6 13.Bf3 Re8 14.Qa4 Bxe2 15.Bxe2 Bxa3
16.Ba6 Bxc1 17.Raxc1 Qd7 18.Qxc6 Qh3 19.Rfe1 h6 20.f3 Qf5 21.Kg2 Rab8 22.Rxe8+ Rxe8
23.Qb7 Re3 24.Qc8+ Qxc8 25.Rxc8+ Kh7 26.a4 Ra3 27.Bb5 a6 28.Bc6 Ra2+ 29.Kh3 Rd2
30.Ra8 Rxd4 31.Rxa6 Rd1 32.Bb5 Kg6 33.Bd7 d4 34.Rd6 d3 35.Bb5 Kf5 36.Rxd3 Ra1
37.Rd2 g5 38.Kg2 g4 39.fxg4+ Kxg4 40.Rf2 Kg5 41.Bd3 Ra3 42.h4+ Kh5 43.Bc2 Nd7
44.Rxf7 Ra2 45.Rf2 Ra3 46.Kh3 Nb6 47.Rf6  1-0

[Event "WJun"]
[Site "Instanbul TUR"]
[Date "2005.11.19"]
[Round "10"]
[White "Sulashvili,M"]
[Black "Cornette,M"]
[Result "1/2-1/2"]
[WhiteElo "2386"]
[BlackElo "2418"]

1.Nf3 d5 2.c4 c6 3.g3 Nf6 4.Bg2 Bg4 5.b3 Nbd7 6.Bb2 e6 7.O-O a5 8.d4 a4 9.Nbd2 Bb4
10.a3 Bxd2 11.Nxd2 axb3 12.f3 Bh5 13.Qxb3 Qb6 14.Qb4 Qxb4 15.axb4 O-O 16.c5 Rfc8
17.Rfc1 Ne8 18.Bf1 Nc7 19.e3 f6 20.Kf2 Rxa1 21.Rxa1 Ra8 22.Nb3 Rxa1 23.Bxa1 b5
24.Na5 Nb8 25.e4 Kf7 26.Bc3 Bg6 27.Bd3 Ke7 28.Bd2 Kd7 29.Ke3 dxe4 30.fxe4 f5
31.Nb3 fxe4 32.Bxe4 Nd5+ 33.Bxd5 exd5 34.Kf4 Ke6 35.Na5 Be8 36.Nb7 Kf6 37.Na5 Na6
38.Kf3 Bd7  1/2-1/2

[Event "WJun"]
[Site "Instanbul TUR"]
[Date "2005.11.21"]
[Round "12"]
[White "Yagiz,Y"]
[Black "Jessel,S"]
[Result "1/2-1/2"]
[WhiteElo "2206"]
[BlackElo "2304"]

1.Nf3 d5 2.c4 e6 3.g3 Nf6 4.Bg2 dxc4 5.Qa4+ c6 6.Qxc4 b5 7.Qb3 Bb7 8.a4 a6
9.O-O Nbd7 10.d4 c5 11.axb5 Bd5 12.Qc2 Be4 13.Qb3 Bd5 14.Qc2 axb5 15.Rxa8 Qxa8
16.dxc5 Bxc5 17.Nc3 Bc6 18.Bg5 b4 19.Bxf6 gxf6 20.Nb1 Be4 21.Qd1 Ke7 22.Nbd2 Bd5
23.Qc2 f5 24.Nh4 Rc8 25.Qb1 Nf6 26.Nb3 Bb6 27.Qd3 Ne4 28.Nd4 Kf8 29.Qe3 Ke8
30.Rd1 Qa7 31.Nhf3 Rc4 32.b3 Rxd4 33.Nxd4 e5 34.Nb5 Bxe3 35.Nxa7 Bxb3 36.Bxe4 Bxd1
37.Bc6+ Kd8 38.fxe3 b3 39.Bd5 b2 40.Ba2 Ba4 41.Bb1 Kc7 42.Bxf5 Kb7 43.Nc8 Bd7
44.Nd6+ Kc6 45.Nc4 Bxf5 46.Nxb2 f6 47.Nc4 Kc5 48.Nd2 Kd5 49.Kg2 Bg4 50.Nb1 Ke4
51.Kf2 Kf5 52.Nc3 Bh3 53.e4+ Kg5 54.Nd5 Kg6 55.Kf3 Bd7 56.Ne7+ Kf7 57.Nf5 Kg6
58.g4 Kg5 59.h4+ Kg6 60.Ne7+ Kf7 61.Nd5 Kg6 62.Kg3 Bb5 63.Kf3 Bd7 64.Ne7+ Kf7
65.Nf5 Kg6 66.Ng3 Bc8 67.h5+ Kg5 68.Nf5 Bd7 69.Kg3 Be6 70.Ne3 Bd7 71.Nf5 Be6
72.Ne3 Bd7 73.Nf5 Be6  1/2-1/2

[Event "18th Belgrade Trophy"]
[Site "Obrenovac SCG"]
[Date "2005.11.23"]
[Round "2"]
[White "Sarovski,N"]
[Black "Skare,G"]
[Result "0-1"]
[WhiteElo "2083"]
[BlackElo "2307"]

1.Nf3 d5 2.c4 c6 3.d4 Nf6 4.Nc3 e6 5.Bg5 h6 6.Bxf6 Qxf6 7.e4 dxe4 8.Nxe4 Qf4
9.Bd3 Bb4+ 10.Ke2 Be7 11.Qd2 Qc7 12.b4 Nd7 13.a4 a5 14.b5 c5 15.Rhd1 f5 16.b6 Qxb6
17.Rab1 Qc7 18.Nc3 cxd4 19.Nb5 Qb8 20.Nfxd4 Nc5 21.Qe3 Bg5 22.Qf3 O-O 23.Bc2 Ra6
24.g3 Bf6 25.Rd2 g6 26.Qe3 Qe5 27.f4 Qxe3+ 28.Kxe3 e5 29.Nf3 exf4+ 30.gxf4 Re6+
31.Kf2 Ne4+ 32.Bxe4 fxe4 33.Nfd4 e3+ 34.Ke2 exd2+ 35.Nxe6 Bxe6 36.Kxd2 Rd8+  0-1

[Event "18th Belgrade Trophy"]
[Site "Obrenovac SCG"]
[Date "2005.11.24"]
[Round "3"]
[White "Tadic,B"]
[Black "Toth,Al"]
[Result "1/2-1/2"]
[WhiteElo "2510"]
[BlackElo "2295"]

1.Nf3 d5 2.c4 e6 3.g3 Nf6 4.Bg2 Be7 5.O-O O-O 6.b3 c5 7.Bb2 b6 8.cxd5 exd5
9.d4 Bb7 10.Nc3 Nbd7 11.Rc1 a6 12.dxc5 bxc5 13.Nh4 Nb6 14.Nf5 Qc7 15.Qd2 h6
16.Qf4 Qd7 17.Na4 Nxa4 18.bxa4 d4 19.Bxb7 Qxb7 20.Bxd4 cxd4 21.Rc7 Qe4 22.Qxe4 Nxe4
23.Nxe7+ Kh7 24.Kg2 Rad8 25.Rd1 Nc3 26.Rd2 Nxa4 27.Nc6 Rc8 28.Rxc8 Rxc8 29.Rc2 Rc7
30.Kf3 Rd7 31.Ke4 Nc3+ 32.Kd3 Nd1 33.f4 Nf2+ 34.Kc4 Nd1 35.Rd2 Ne3+ 36.Kd3 Nf1
37.Rd1 Nxh2 38.Kc4 Ng4 39.Rxd4 Rb7 40.Nb4 Ne3+ 41.Kc3 Rc7+ 42.Kb3 a5 43.Nd5 Nxd5
44.Rxd5 Re7 45.Rxa5 Rxe2 46.Rc5 Re3+ 47.Rc3 Re7 48.a4 Kg6 49.Rc5 f5 50.a5 Kh5
51.Kb4 Kg4 52.Rc3 g5 53.fxg5 hxg5 54.a6  1/2-1/2

[Event "18th Belgrade Trophy"]
[Site "Obrenovac SCG"]
[Date "2005.11.24"]
[Round "3"]
[White "Trisic,D"]
[Black "Bergsson,Sn"]
[Result "1/2-1/2"]
[WhiteElo "2102"]
[BlackElo "2266"]

1.Nf3 d5 2.c4 c6 3.b3 Nf6 4.g3 Nbd7 5.d4 e6 6.Bg2 Ne4 7.Nfd2 Ndf6 8.O-O Be7
9.Bb2 b6 10.Nc3 Nxc3 11.Bxc3 Bb7 12.e4 O-O 13.e5 Ne8 14.Re1 Qd7 15.cxd5 cxd5
16.Nf3 Rc8 17.Qd2 Nc7 18.Rac1 a5 19.a4 Na6 20.Bf1 Ba3 21.Ra1 Bb4 22.Rec1 Rxc3
23.Rxc3 Bxc3 24.Qxc3 Rc8 25.Qe3 Nb4 26.Rc1 Rc7 27.Qf4 h6 28.g4 Qc8 29.Rxc7 Qxc7
30.g5 Qc2 31.gxh6 Qg6+ 32.Qg3 gxh6 33.Qxg6+ fxg6 34.Kg2 g5 35.Kg3 Bc6 36.Ne1 Be8
37.Bh3 Kf7 38.f4 gxf4+ 39.Kxf4 Ke7 40.Ke3 Bh5 41.Kd2 Nc6 42.Kc3 Be2 43.Nc2 Kf7
44.Ne3 Ne7 45.Kd2 Bh5 46.Nc2 Nc6 47.Kc3 Be2 48.Kd2 Ba6  1/2-1/2

[Event "18th Belgrade Trophy"]
[Site "Obrenovac SCG"]
[Date "2005.11.25"]
[Round "4"]
[White "Stanisic,J"]
[Black "Stankovic,G"]
[Result "0-1"]
[WhiteElo "1732"]
[BlackElo "2086"]

1.Nf3 d5 2.c4 d4 3.d3 Nc6 4.g3 e5 5.Bg2 Nf6 6.O-O Bc5 7.Na3 O-O 8.Nc2 h6
9.a3 a5 10.Re1 Re8 11.e3 Bg4 12.exd4 exd4 13.Rxe8+ Qxe8 14.Nce1 Qd7 15.Qb3 Rb8
16.Bf4 b6 17.Qc2 Re8 18.Rb1 g5 19.Bd2 Bh3 20.Qc1 Bxg2 21.Kxg2 Re2 22.Bxg5 Ng4
23.Bxh6 Rxf2+ 24.Kg1 Qf5 25.Qg5+ Qxg5 26.Bxg5 Re2 27.Bf4 Ne3 28.Kh1 Rf2 29.Kg1 Rf1+  0-1

[Event "18th Belgrade Trophy"]
[Site "Obrenovac SCG"]
[Date "2005.11.25"]
[Round "4"]
[White "Dunjic,D"]
[Black "Rosandic,M"]
[Result "1-0"]
[WhiteElo "2109"]
[BlackElo "1874"]

1.Nf3 d5 2.c4 d4 3.g3 c6 4.Bg2 c5 5.Na3 a6 6.Nc2 Nc6 7.a3 e5 8.d3 Nf6 9.O-O Be7
10.Rb1 Bg4 11.b4 Qd7 12.b5 Bxf3 13.exf3 Nd8 14.Re1 Qd6 15.f4 Nd7 16.fxe5 Nxe5
17.Bf4 Bf6 18.Bxe5 Bxe5 19.f4 f6 20.fxe5 fxe5 21.Qh5+ Nf7 22.Bd5 O-O 23.Rxe5 g6
24.Qe2 axb5 25.Rf1 bxc4 26.Bxc4 b5 27.Re6 Qb8 28.Bd5 Ra7 29.Re7 c4 30.Bxf7+ Kh8
31.Qe6 Kg7 32.Be8+ Rf7 33.Rfxf7+  1-0

[Event "18th Belgrade Trophy"]
[Site "Obrenovac SCG"]
[Date "2005.11.26"]
[Round "5"]
[White "Trisic,D"]
[Black "Krsmanovic,G"]
[Result "1-0"]
[WhiteElo "2102"]
[BlackElo "1828"]

1.Nf3 d5 2.c4 dxc4 3.Qa4+ Nc6 4.Qxc4 Nf6 5.d4 e6 6.Nc3 Bb4 7.g3 h6 8.Bg2 O-O
9.O-O Re8 10.Rd1 Bxc3 11.bxc3 Qd5 12.Qd3 Qe4 13.Qd2 Qd5 14.Ne5 Qd6 15.Nc4 Qd7
16.Ba3 Ne7 17.Ne5 Qa4 18.Qc1 Nd7 19.Nd3 Ng6 20.Rb1 c6 21.Rb3 Qa5 22.Nb2 Qc7
23.Nc4 Nb6 24.Nd6 Rd8 25.Nxc8 Raxc8 26.c4 Nd7 27.e4 e5 28.Bh3 Rb8 29.d5 Nf6
30.Qe3 b6 31.d6 Qb7 32.c5 b5 33.Bb4 Nd7 34.Ba5 Ndf8 35.Bxd8 Rxd8 36.a4 a6
37.axb5 axb5 38.Ra1  1-0

[Event "18th Belgrade Trophy"]
[Site "Obrenovac SCG"]
[Date "2005.11.28"]
[Round "7"]
[White "Knezevic,Ml"]
[Black "Toth,Al"]
[Result "1/2-1/2"]
[WhiteElo "2158"]
[BlackElo "2295"]

1.Nf3 d5 2.c4 e6 3.g3 Nf6 4.b3 Be7 5.Bb2 O-O 6.Bg2 b6 7.O-O Bb7 8.d3 c5 9.cxd5 Nxd5
10.Nc3 Nd7 11.Nxd5 Bxd5 12.d4 Bf6 13.Qd2 Rc8 14.Rac1 Bxf3 15.Bxf3 Ne5 16.Bg2 Nc6
17.e3 Qd7 18.Bxc6 Rxc6 19.Qc2 Rfc8 20.dxc5 Rxc5 21.Qb1 Qd2 22.Rxc5 Rxc5 23.Rd1 Qc2
24.Qxc2 Rxc2 25.Bxf6 gxf6 26.a4 Rb2 27.Rd7 a5 28.Rd3 f5 29.Kg2 Kf8 30.h3 h5
31.h4 Ke7 32.Kf1 Kf6 33.Kg2 Ke7 34.Kf1 f6 35.Kg2 e5 36.Kf1 Ke6 37.Ke1 e4
38.Rc3 Kd7 39.Kf1 Rb1+ 40.Ke2 Kd6 41.Kd2 Rf1 42.Ke2 Rb1 43.Kd2 Rb2+ 44.Ke1 Kd5
45.Kf1 Ke5 46.Ke1 Kd5 47.Kf1  1/2-1/2

[Event "18th Belgrade Trophy"]
[Site "Obrenovac SCG"]
[Date "2005.11.28"]
[Round "7"]
[White "Vukanovic,S"]
[Black "Pavlovic,Drago"]
[Result "1-0"]
[WhiteElo "2353"]
[BlackElo "2242"]

1.Nf3 d5 2.c4 c6 3.d4 Nf6 4.e3 Bg4 5.h3 Bxf3 6.Qxf3 e6 7.Nc3 Be7 8.Bd3 Nbd7
9.O-O O-O 10.Rd1 Re8 11.b3 Bb4 12.Bb2 e5 13.dxe5 Nxe5 14.Qe2 Qa5 15.Rac1 Nxd3
16.Qxd3 Rad8 17.a3 Bf8 18.b4 dxc4 19.Qxc4 Rxd1+ 20.Rxd1 Qf5 21.Qd3 Qe6 22.Ne2 Ne4
23.Qd7 Nd6 24.Qxe6 Rxe6 25.Nd4 Re8 26.Nb3 f6 27.Na5 Rc8 28.Rc1 Rc7 29.Kf1 Kf7
30.Ke2 Ke6 31.f4 Kd7 32.g4 b6 33.Nb3 Nb7 34.Nd4 Rc8 35.f5 Nd8 36.Rd1 Ke8
37.e4 c5 38.bxc5 Bxc5 39.Nb5 a6 40.Nd6+ Bxd6 41.Rxd6 Rc2+ 42.Rd2 Rxd2+ 43.Kxd2 Nf7
44.Kd3 Kd7 45.h4 Nd6 46.Bd4 Nc8  1-0

[Event "18th Belgrade Trophy"]
[Site "Obrenovac SCG"]
[Date "2005.11.29"]
[Round "8"]
[White "Dunjic,D"]
[Black "Smiljkovic,M"]
[Result "1-0"]
[WhiteElo "2109"]
[BlackElo "2004"]

1.Nf3 d5 2.c4 e6 3.Na3 c6 4.g3 Bd6 5.Bg2 Nf6 6.O-O O-O 7.Re1 e5 8.d3 Re8
9.cxd5 cxd5 10.Nb5 Bb4 11.Bd2 Bxd2 12.Nxd2 Bd7 13.Nd6 Re6 14.Nf5 Rb6 15.Ne3 Rxb2
16.Nb3 Bc6 17.Qc1 Rxb3 18.axb3 Qb6 19.Nf5 Qb4 20.Qg5 Qf8 21.b4 Nbd7 22.Reb1 Nb6
23.b5 Bd7 24.Rc1 Ne8 25.Ne7+ Kh8 26.Nxd5 f6 27.Qe3 Nc8 28.Nc7 Rb8 29.Nxe8 Qxe8
30.Rc7 Nd6 31.b6 Nf5 32.Qc5 axb6 33.Qxb6 Bc6 34.Rb1 Bxg2 35.Kxg2 Qg6 36.Rxb7 Rg8
37.Rb8 h5 38.Qe6 Rxb8 39.Rxb8+ Kh7 40.Qg8+ Kh6 41.Qh8+ Kg5 42.Rb7 e4 43.Rb5  1-0

[Event "18th Belgrade Trophy"]
[Site "Obrenovac SCG"]
[Date "2005.11.30"]
[Round "9"]
[White "Trisic,D"]
[Black "Markovic,Zi"]
[Result "0-1"]
[WhiteElo "2102"]
[BlackElo "1955"]

1.Nf3 d5 2.c4 c6 3.b3 Nf6 4.g3 e6 5.Bg2 Nbd7 6.d4 b6 7.O-O Be7 8.Nc3 Bb7
9.Bf4 O-O 10.Re1 Rc8 11.e4 Bb4 12.Bd2 Bxc3 13.Bxc3 Nxe4 14.Bb2 Re8 15.Rc1 f5
16.Bf1 Qf6 17.Rc2 Re7 18.Bd3 Rf7 19.Bc1 h6 20.b4 Re8 21.Be2 Kh7 22.Nh4 Rg8
23.f3 Ng5 24.Bf1 Nf8 25.c5 Ng6 26.Ng2 Nh3+ 27.Kh1 f4 28.g4 Kh8 29.cxb6 axb6
30.a4 Ra8 31.Ra2 e5 32.Bd3 e4 33.fxe4 Qxd4 34.exd5 Ne5 35.Bf5 Qxd1 36.Rxd1 f3
37.Ne3 cxd5 38.Rd4 Rc7 39.Rc2 Rxc2 40.Bxc2 Rc8 41.Bd2 Nc4 42.Bf5 Nxe3 43.Bxe3 Rc3
44.Bd3 Ra3  0-1

[Event "IX Mirko Srajber mem"]
[Site "Subotica SCG"]
[Date "2005.12.02"]
[Round "1"]
[White "Milanovic,Da"]
[Black "Cornette,M"]
[Result "1/2-1/2"]
[WhiteElo "2464"]
[BlackElo "2418"]

1.Nf3 d5 2.c4 c6 3.d4 Nf6 4.Nc3 dxc4 5.a4 Bf5 6.e3 e6 7.Bxc4 Bb4 8.O-O O-O
9.h3 Nbd7 10.Nh4 Bg6 11.Nxg6 hxg6 12.Qc2 Qe7 13.Rd1 Rac8 14.Ba2 c5 15.d5 c4
16.dxe6 Qxe6 17.Bd2 a6 18.Ne2 Bd6 19.Nd4 Qe5 20.Nf3 Qe7 21.a5 Ne5 22.Nd4 Bc5
23.Bc3 Rfd8 24.Qe2 Ne4 25.Nf3 Nd3 26.Be1 Nxe1 27.Rxe1 Bb4 28.Red1 c3 29.Rxd8+ Rxd8
30.bxc3 Bxc3 31.Rd1 Bxa5 32.Rxd8+ Bxd8 33.Qc4 b5 34.Qc6 Nc5 35.Qxg6 Qf6 36.Qc2 Qd6
37.Qf5 Ne6 38.Nd4 Bc7 39.g3 Nd8 40.h4 Bb6 41.Nf3 Qf6 42.Qe4 Qc6 43.Bd5 Qd7
44.Ng5 b4 45.Qxb4 Bxe3 46.Bxf7+ Nxf7 47.Qb8+ Qd8 48.Qxd8+ Nxd8 49.fxe3 a5
50.Ne4 Kf7 51.Nc3 Ke6 52.Kf2 Ke5 53.Ke2 Nc6 54.g4 Ne7 55.h5 Ng8 56.Kf3 Nf6
57.Na4 Ne4 58.Ke2 Nf6 59.Kf3 Ne4 60.Nb2 Ng5+ 61.Ke2 Kd5 62.Kd3 Ne4 63.Ke2 Ng5
64.Kd3 Ne4  1/2-1/2

[Event "TCh-BEL 2005-6"]
[Site "Belgium BEL"]
[Date "2005.12.04"]
[Round "5"]
[White "Roeder,M"]
[Black "Motwani,P"]
[Result "1/2-1/2"]
[WhiteElo "2415"]
[BlackElo "2505"]

1.Nf3 d5 2.c4 d4 3.g3 g6 4.b4 Bg7 5.d3 e5 6.Nbd2 Ne7 7.Bg2 O-O 8.O-O h6 9.Nb3 Nd7
10.a4 f5 11.a5 Rb8 12.e3 dxe3 13.Bxe3 b6 14.axb6 axb6 15.Re1 g5 16.Bc1 Ng6
17.Ra7 g4 18.Nfd2 Nf6 19.Qc2 Rf7 20.Bb2 Bf8 21.Bxe5 Nxe5 22.Rxe5 Bxb4 23.d4 Bd6
24.Re1 c5  1/2-1/2

[Event "12th Women"]
[Site "Zadar CRO"]
[Date "2005.12.13"]
[Round "2"]
[White "Olarasu,G"]
[Black "Svaljek,R"]
[Result "1-0"]
[WhiteElo "2323"]
[BlackElo "2047"]

1.Nf3 d5 2.c4 e6 3.e3 Nf6 4.b3 c6 5.Bb2 Nbd7 6.Be2 Be7 7.O-O O-O 8.Qc2 c5
9.Nc3 dxc4 10.bxc4 b6 11.d4 Bb7 12.Rfd1 cxd4 13.exd4 Qc7 14.Nb5 Qc8 15.Qd2 Bc6
16.Nc3 Ne4 17.Nxe4 Bxe4 18.d5 exd5 19.cxd5 Bf6 20.Rac1 Qd8 21.Bxf6 Nxf6 22.d6 Bd5
23.Ne5 Qxd6 24.Ng4 Nxg4 25.Bxg4 Qg6 26.Qxd5 Qxg4 27.Rc7 h6 28.h3 Qh4 29.Rxf7 Rxf7
30.Qxa8+ Kh7 31.Rd2 Qc4 32.Qd8 Qf4 33.Qd5 Rc7 34.g3 Qf7 35.Qa8 Rc1+ 36.Kg2 Rc7
37.Rd8 Rb7 38.Qc8 Rc7 39.Rh8+ Kg6 40.Qg4+ Kf6 41.Rf8 Qxf8 42.Qf4+ Ke7 43.Qxc7+ Kf6
44.Qxa7 Qc5 45.Qb7 b5 46.h4 Qc4 47.a3 Qc5 48.Qf3+ Ke5 49.Qh5+ Kd4 50.Qxc5+ Kxc5
51.f4 Kc4 52.g4 Kb3 53.f5 Kxa3 54.g5 hxg5 55.hxg5 b4 56.f6 gxf6 57.gxf6 b3
58.f7 b2 59.f8=Q+ Kb3 60.Qf5 Ka2 61.Qc2 Ka1 62.Qa4+ Kb1 63.Kf2  1-0